000 01144nam a22002657a 4500
999 _c65287
_d65287
005 20240530110817.0
008 190626s2019 ua adf f b 000 0dara d
017 _a2018/8605
_bمصر. دار الكتب
020 _a9789777358156
040 _aEG-CaGPL
_cEG-CaGPL
082 0 4 _221
_a726.2/
_bع ع
100 0 _aعبدالله كامل موسى عبده
245 1 0 _aعمارة المساجد فى الجزيرة العربية والعالم الاسلامى منذ ما قبل الهجرة النبوية حتى نهاية العصر الراشدى /
_cعبدالله كامل موسى عبده
250 _aط.1
260 _aالاسكندرية :
_bدار الوفاء لدنيا الطباعة و النشر،
_c2019.
300 _a243 ص. :
_bايض ؛
_c24 سم.
504 _aيشتمل على ارجاعات ببليوجرافية
650 0 7 _2qrmak
_aالمساجد
650 0 7 _2qrmak
_aالاماكن المقدسة
650 0 7 _2qrmak
_aالاثار الاسلامية
650 0 7 _2qrmak
_aالعمارة الاسلامية
651 _2qrmak
942 _2ddc
_cBK